00763nam a22001937a 450000500170000000800420001702000150005910000210007424501330009525000110022826000720023930000260031150000670033750400390040465000360044365000260047970000300050570000340053520151110105232.0a090120s2004 sp a 000 0 spa u a84963440371 aMorilla, Antonio10aEnfermedades víricas emergentes del cerdo /cAntonio Morilla, Kyoung-Jin Yoon, Jeffrey J. Zimmerman ;tr. Jordi Casal i Fabrega a1a ed. aBarcelona, España :bMultimédica Ediciones Veterinarias ,c2004 a442 . :bil ;c24 cm. aTraducción de : Trends in emerging viral infections of swine aIncluye Bibliografía e índices 4aCerdos xEnfermedades por virus 4aVirologia Veterinaria1 aKyoung-Jin Yoon.,ecoaut.1 aCasal i Fabrega, Jordi.,etr.